Most Rookie Rushing Yards In a Game By Team - Statistics

General Stats
  • This quiz has been taken 6 times
  • The average score is 10 of 33
Answer Stats
Team Yards Player % Correct
MIN 296 Adrian Peterson
100%
PHI 178 Bryce Brown
80%
CIN 246 Corey Dillon
80%
DAL 253 DeMarco Murray
80%
CLE 237 Jim Brown
80%
CHI 188 Anthony Thomas
60%
TBB 251 Doug Martin
60%
JAX 183 Fred Taylor
60%
BAL 187 Jamal Lewis
60%
IND 253 Jonathan Taylor
60%
DEN 251 Mike Anderson
60%
ARI 193 Ottis Anderson
60%
LVR 221 Bo Jackson
40%
TEN 199 Earl Campbell
40%
PIT 188 Najee Harris
40%
WAS 200 Alfred Morris
20%
MIA 203 De'Von Achane
20%
NEP 201 Jonas Gray
20%
HOU 156 Alfred Blue
0%
NYG 188 Bill Paschal
0%
LAC 189 Brad Hubbert
0%
CAR 147 Fred Lane
0%
SFF 170 Hugh McElhenny
0%
KAN 193 Joe Delaney
0%
NYJ 180 Matt Snell
0%
DET 197 Mel Farr
0%
NOS 203 Rueben Mayes
0%
GBP 171 Samkon Gado
0%
HOU 156 Steve Slaton
0%
BUF 208 Terry Miller
0%
SEA 209 Thomas Rawls
0%
LAR 223 Tommy Wilson
0%
ATL 167 William Andrews
0%
No matching quizzes found
Score Distribution
Percent of People with Each Score
Percentile by Number Answered
Your Score History
You have not taken this quiz